| 000 | 02208nam0a2200373 i 4500 | ||
|---|---|---|---|
| 001 | RU\NLR\BIBL_A\010811579 | ||
| 005 | 20260407110048.0 | ||
| 010 |
_a9785743326884 _9500 |
||
| 021 |
_aRU _b2015-40548 _92412 |
||
| 035 | _a(NILC)RuMoRGB-007947843 | ||
| 035 | _a(NLR Aleph) 010811579 | ||
| 090 |
_a10204224 _c10204224 |
||
| 100 | _a20150729d2014 k y0rusy50 ca | ||
| 101 | 0 | _arus | |
| 102 | _aRU | ||
| 105 | _aa z 000yy | ||
| 200 | 1 |
_aЭлектрофизические методы СВЧ обработки _f[Архангельский Юрий Сергеевич, Гришина Екатерина Михайловна, Огурцов Константин Николаевич, Яфаров Равиль Кяшшафович] _gМ-во образования и науки Российской Федерации, Саратовский гос. технический ун-т |
|
| 210 |
_aСаратов _cСаратовский гос. технический ун-т _d2014 |
||
| 215 |
_a194, [1] с. _cил. _d21 |
||
| 225 | 1 | _aСВЧ электротехнология | |
| 300 | _aАвт. указаны перед вып. дан. | ||
| 320 | _aБиблиогр.: с. 175-193 (238 назв.) | ||
| 606 |
_aМатериалы _xЭлектромагнитная обработка _92610705 _3RU\NLR\AUTH\661547263 |
||
| 686 | 1 | _aЖ614 | |
| 701 | 1 |
_8rus _7ca _aАрхангельский _bЮ. С. _cд-р техн. наук _f1936- _gЮрий Сергеевич _3RU\NLR\AUTH\7742245 _925190 |
|
| 701 | 1 |
_aГришина _bЕ. М. _cканд. техн. наук, электротехнология _gЕкатерина Михайловна _9163000 _3RU\NLR\AUTH\770163044 |
|
| 701 | 1 |
_aОгурцов _bК. Н. _cканд. техн. наук, электротехнология _gКонстантин Николаевич _9163009 _3RU\NLR\AUTH\770163053 |
|
| 701 | 1 |
_aЯфаров _bР. К. _gРавиль Кяшшафович |
|
| 712 | 0 | 2 |
_4570 _aСаратовский государственный технический университет _3RU\NLR\AUTH\889937781 _9370375 |
| 801 | 0 |
_aRU _bРГБ _c20150605 _gRCR |
|
| 942 | _cBOOK | ||
| 980 | _aNBR | ||